000 00705nam a2200241 a 4500
999 _c7092
_d7092
001 7092
003 BD-JhCC
005 20180204191152.0
008 180204s1951 enkab 000 0 eng d
035 _a(BD-JhCC)7092
040 _aBD-JhCC
_cCLU
_dBD-JhCC
041 _aeng
082 0 4 _a708.2574
_218
_bWOO 1951
100 1 _aWoodward, John,
_dactive 1812-1842.
245 1 0 _aTreasures in Oxford /
_cJohn Woodward.
260 _aLondon :
_bpublished for the British Council by Longman's Green,
_c1951.
300 _a45 p. :
_bill., map ;
_c22 cm.
650 0 _aArt
_zEngland
_zOxford.
650 0 _aArt objects
_zEngland
_zOxford.
710 2 _aUniversity of Oxford.
942 _2ddc
_cBK